000 00288nam a22001337a 4500
008 170619b xxu||||| |||| 00| 0 eng d
020 _a9781557864901
041 _aeng
080 _a32
100 _a20
101 _aSHP
245 _aCORPORATE GOVERNANCE
_cMONKS,R.A
942 _2udc
_cBK
999 _c18037
_d18037